| 000 | 00441nam a22001457a 4500 | ||
|---|---|---|---|
| 003 | OSt | ||
| 008 | 250902b |||||||| |||| 00| 0 eng d | ||
| 041 | _amal | ||
| 082 |
_a894.8127 _bSAB/PU |
||
| 100 |
_aSabeer A, Muhamed _97817 |
||
| 245 |
_aPuthunovalukalile rashtreeyam / _bപുതുനോവലുകളിലെ രാഷ്ട്രീയം |
||
| 260 |
_aThiruvananthapuram : _bMythri Books, _c2018. |
||
| 300 | _a162 p. | ||
| 942 | _cBK | ||
| 999 |
_c19503 _d19503 |
||